A guide to baltimore architecture/ (Record no. 14796)

000 -LEADER
fixed length control field 00663nam a22001937a 4500
008 - FIXED-LENGTH DATA ELEMENTS--GENERAL INFORMATION
fixed length control field 161008b xxu||||| |||| 00| 0 eng d
020 ## - INTERNATIONAL STANDARD BOOK NUMBER
International Standard Book Number 0870332724
050 ## - LIBRARY OF CONGRESS CALL NUMBER
Classification number NA 735
Item number .B3D67 1981
100 ## - MAIN ENTRY--PERSONAL NAME
Personal name Dorsey, John
245 ## - TITLE STATEMENT
Title A guide to baltimore architecture/
Statement of responsibility, etc. John Dorsey and James D. Dilts.
250 ## - EDITION STATEMENT
Edition statement 2nd ed.
260 ## - PUBLICATION, DISTRIBUTION, ETC. (IMPRINT)
Place of publication, distribution, etc. Maryland (Centreville) :
Name of publisher, distributor, etc. Tidewater Publishers ;
Date of publication, distribution, etc. 1981.
300 ## - PHYSICAL DESCRIPTION
Extent lv, 327p. :
Other physical details ill. ;
500 ## - GENERAL NOTE
General note Includes index.
650 ## - SUBJECT ADDED ENTRY--TOPICAL TERM
Topical term or geographic name as entry element Architecture
General subdivision Maryland
Chronological subdivision Baltimore
Geographic subdivision Guide-books.
650 ## - SUBJECT ADDED ENTRY--TOPICAL TERM
Topical term or geographic name as entry element Baltimore
General subdivision Building
Chronological subdivision Guide-books.
700 ## - ADDED ENTRY--PERSONAL NAME
Personal name Dilts, James D.
942 ## - ADDED ENTRY ELEMENTS (KOHA)
Source of classification or shelving scheme
Koha item type Hard Covered Materials
Classification part NA 735 .B3D67 1981
Holdings
Withdrawn status Lost status Source of classification or shelving scheme Damaged status Not for loan Home library Current library Shelving location Date acquired Source of acquisition Total Checkouts Full call number Barcode Date last seen Price effective from Koha item type
          MACHAKOS UNIVERSITY LIBRARY MACHAKOS UNIVERSITY LIBRARY Open shelf 08/10/2016 Donation(BFA)   NA 735 .B3D67 1981 21378 08/10/2016 08/10/2016 Hard Covered Materials
© Machakos University Library, Along The Highway, Machakos Wote Rd, Machakos, Kenya P.O. Box 136 - 90100 Machakos - Kenya

Tel: ( +254 ) 723 805829 OR Fax : 044-20353 OR Email: library@mksu.ac.ke